| 000 | 00360nam a2200133 a 4500 | ||
|---|---|---|---|
| 003 | AR-BaBNM | ||
| 005 | 20251128203501.0 | ||
| 008 | 082120s2002 ||||||||||||||000 | spa|| | ||
| 040 | _cAR-BaBNM | ||
| 100 | 1 | _aRojas, Ricardo | |
| 245 | 0 | 0 |
_aHistoria de la literatura argentina _bíndice general. 2 los coloniales |
| 260 |
_aBuenos Aires _bKraft _c1960 |
||
| 942 | _cBK | ||
| 999 |
_c3593 _d3593 |
||